000 00611nam a2200241Ia 4500
003 OSt
005 20221005124641.0
006 a|||||r|||| 00| 0
007 ta
008 221004b |||||||| |||| 00| 0 mal d
024 _a59139
037 _cTextual
040 _aCRL
_cCRL
_bmal
041 _2mal
_amal
082 _aY5926.211, 32K6
100 _aNatar Kochukrishnan Au.
_9635586
245 0 _aNatar charitram
260 _c1966
300 _a224p.
_ccm.
650 _aSOCIOLOGY
942 _hY5926.211, 32K6
_cTEXL
_2cc
999 _c1051145
_d1051145